DEVELOPING Professional practice in the Early years/

Guardat en:
Dades bibliogràfiques
Format: Llibre
Idioma:anglès
Publicat: Open University press, 2020. ix, 200p. 2020.
Etiquetes: Afegir etiqueta
Sense etiquetes, Sigues el primer a etiquetar aquest registre!

MARC

LEADER 00000nam a22000007a 4500
008 210906b ||||| |||| 00| 0 eng d
020 |a  978-0-335-26476-6 
245 |a DEVELOPING Professional practice in the Early years/   |c Shirley Allen et al  |g ix, 200p. 
260 |b Open University press, 2020. ix, 200p.  |c 2020.  |h  London:  |i 696479- Educ.   |i 696480   |l LB1139.3 .D49  |m Early childhood Education  |m Reflective teaching.  |m Educational teaching.  |m Allen, Shirley et al 
500 |a “It includes index and bibliography. 
942 |a lcc  |c BK  |e j. o. ifatola  |f 06/ 09/ 2021 
952 |0 0  |1 0  |2 lcc  |4 0  |6 LB11393 D49  |7 0  |9 3401  |a ED  |b HOL  |c LP  |d 2021-09-06  |l 0  |o LB1139.3 .D49  |p 2021-67109  |r 2021-09-06 00:00:00  |w 2021-09-06  |y BK 
952 |0 0  |1 0  |2 lcc  |4 0  |6 LB11393 D49  |7 0  |9 3402  |a ED  |b HOL  |c LP  |d 2021-09-06  |l 0  |o LB1139.3 .D49  |r 2021-09-06 00:00:00  |w 2021-09-06  |y BK 
999 |c 1692  |d 1692